<?xml version="1.0" encoding="UTF-8"?>
<collection xmlns="http://www.loc.gov/MARC21/slim">
<record>
  <controlfield tag="001">121547</controlfield>
  <controlfield tag="005">20251001112458.0</controlfield>
  <controlfield tag="008">931025s1670    sp      r     ||| | spa d</controlfield>
  <datafield tag="024" ind1="7" ind2=" ">
    <subfield code="a">CCPB000032566-X</subfield>
    <subfield code="2">CCPB</subfield>
  </datafield>
  <datafield tag="040" ind1=" " ind2=" ">
    <subfield code="a">PAB </subfield>
    <subfield code="b">spa </subfield>
    <subfield code="c">CCPB </subfield>
    <subfield code="d">CCPB </subfield>
    <subfield code="e">rdc</subfield>
    <subfield code="d">ES-ZaU</subfield>
  </datafield>
  <datafield tag="100" ind1="1" ind2=" ">
    <subfield code="a">Ameyugo, Francisco de</subfield>
    <subfield code="c">(O.F.M.)</subfield>
    <subfield code="9">653186</subfield>
  </datafield>
  <datafield tag="245" ind1="1" ind2="0">
    <subfield code="a">Rethorica Sagrada y evangelica :</subfield>
    <subfield code="b">ilustrada con la practica de diversos Artificios Rethoricos, para proponer la palabra Divina /</subfield>
    <subfield code="c">autor el M.R.P.F. Francisco de Ameyugo.</subfield>
  </datafield>
  <datafield tag="250" ind1=" " ind2=" ">
    <subfield code="a">Añadida y enmendada nuevam¯ete por su autor.</subfield>
  </datafield>
  <datafield tag="260" ind1=" " ind2=" ">
    <subfield code="a">En Zaragoça :</subfield>
    <subfield code="b">por Iuan de Ibar,</subfield>
    <subfield code="c">1670</subfield>
  </datafield>
  <datafield tag="300" ind1=" " ind2=" ">
    <subfield code="a">[16], 709, [26] p. ;</subfield>
    <subfield code="c">4º.</subfield>
  </datafield>
  <datafield tag="336" ind1=" " ind2=" ">
    <subfield code="a">Texto (visual)</subfield>
    <subfield code="b">txt</subfield>
    <subfield code="2">rdacontent</subfield>
  </datafield>
  <datafield tag="337" ind1=" " ind2=" ">
    <subfield code="a">sin mediación</subfield>
    <subfield code="b">n</subfield>
    <subfield code="2">rdamedia</subfield>
  </datafield>
  <datafield tag="338" ind1=" " ind2=" ">
    <subfield code="a">volumen</subfield>
    <subfield code="b">nc</subfield>
    <subfield code="2">rdacarrier</subfield>
  </datafield>
  <datafield tag="540" ind1=" " ind2=" ">
    <subfield code="9">info:eu-repo/semantics/openAccess</subfield>
    <subfield code="a">by</subfield>
    <subfield code="u">https://creativecommons.org/licenses/by/4.0/deed.es</subfield>
  </datafield>
  <datafield tag="596" ind1=" " ind2=" ">
    <subfield code="a">Colofón.</subfield>
  </datafield>
  <datafield tag="597" ind1=" " ind2=" ">
    <subfield code="a">Sign.: [calderón]8, A-Z8, 2A-2Z8.</subfield>
  </datafield>
  <datafield tag="597" ind1=" " ind2=" ">
    <subfield code="a">Texto a dos col.</subfield>
  </datafield>
  <datafield tag="597" ind1=" " ind2=" ">
    <subfield code="a">Port. con orla tip.</subfield>
  </datafield>
  <datafield tag="650" ind1="0" ind2="4">
    <subfield code="a">Retórica</subfield>
    <subfield code="v">Obras anteriores a 1800.</subfield>
    <subfield code="9">1118517</subfield>
  </datafield>
  <datafield tag="700" ind1="1" ind2=" ">
    <subfield code="a">Monterde, José Antonio,</subfield>
    <subfield code="e">ant. pos.</subfield>
    <subfield code="9">520682</subfield>
  </datafield>
  <datafield tag="700" ind1="1" ind2=" ">
    <subfield code="a">Ibar, Juan de,</subfield>
    <subfield code="e">imp.</subfield>
    <subfield code="9">488605</subfield>
  </datafield>
  <datafield tag="752" ind1=" " ind2=" ">
    <subfield code="a">España</subfield>
    <subfield code="b">Aragón</subfield>
    <subfield code="d">Zaragoza.</subfield>
  </datafield>
  <datafield tag="856" ind1="4" ind2=" ">
    <subfield code="s">132804471</subfield>
    <subfield code="u">http://zaguan.unizar.es/record/121547/files/D_59_77.pdf</subfield>
    <subfield code="y">Texto completo (pdf)</subfield>
  </datafield>
  <datafield tag="856" ind1="4" ind2=" ">
    <subfield code="s">675086</subfield>
    <subfield code="u">http://zaguan.unizar.es/record/121547/files/METS_carga_D_59_77.xml</subfield>
    <subfield code="y">Fichero METS</subfield>
  </datafield>
  <datafield tag="856" ind1="4" ind2=" ">
    <subfield code="s">200292</subfield>
    <subfield code="u">http://zaguan.unizar.es/record/121547/files/D_59_77.jpg?subformat=icon</subfield>
    <subfield code="x">icon</subfield>
    <subfield code="y">Texto completo (pdf)</subfield>
  </datafield>
  <datafield tag="907" ind1=" " ind2=" ">
    <subfield code="a">.b1861338x</subfield>
    <subfield code="b">18-12-20</subfield>
    <subfield code="c">06-09-17</subfield>
  </datafield>
  <datafield tag="909" ind1="C" ind2="O">
    <subfield code="o">oai:zaguan.unizar.es:121547</subfield>
    <subfield code="p">fondo-historico</subfield>
    <subfield code="p">driver</subfield>
  </datafield>
  <datafield tag="998" ind1=" " ind2=" ">
    <subfield code="a">100</subfield>
    <subfield code="b">18-12-20</subfield>
    <subfield code="c">m</subfield>
    <subfield code="d">a</subfield>
    <subfield code="e">a</subfield>
    <subfield code="f">spa</subfield>
    <subfield code="g">sp </subfield>
    <subfield code="h">0</subfield>
    <subfield code="i">0</subfield>
  </datafield>
  <datafield tag="927" ind1="1" ind2=" ">
    <subfield code="a">100</subfield>
    <subfield code="b">pm</subfield>
    <subfield code="d">201218</subfield>
  </datafield>
  <datafield tag="945" ind1=" " ind2=" ">
    <subfield code="a">D-59-77  </subfield>
    <subfield code="g">1</subfield>
    <subfield code="l">100an</subfield>
    <subfield code="o">d</subfield>
    <subfield code="p">0.00</subfield>
    <subfield code="q">-</subfield>
    <subfield code="r">f</subfield>
    <subfield code="s">-</subfield>
    <subfield code="t">20</subfield>
    <subfield code="u">0</subfield>
    <subfield code="v">0</subfield>
    <subfield code="w">0</subfield>
    <subfield code="x">0</subfield>
    <subfield code="y">.i22891821</subfield>
    <subfield code="z">18-12-20</subfield>
  </datafield>
  <datafield tag="980" ind1=" " ind2=" ">
    <subfield code="b">fondos</subfield>
  </datafield>
  <datafield tag="999" ind1=" " ind2=" ">
    <subfield code="c">716798</subfield>
    <subfield code="d">716798</subfield>
  </datafield>
  <datafield tag="999" ind1="f" ind2="f">
    <subfield code="i">68f44cae-7462-433a-8aeb-f27cbc0bbef5</subfield>
  </datafield>
  <datafield tag="037" ind1=" " ind2=" ">
    <subfield code="a">D_59_77</subfield>
  </datafield>
  <datafield tag="970" ind1=" " ind2=" ">
    <subfield code="a">D_59_77</subfield>
  </datafield>
  <datafield tag="980" ind1=" " ind2=" ">
    <subfield code="a">FH</subfield>
    <subfield code="b">fondos</subfield>
  </datafield>
</record>
</collection>